[Event "GER-ch Blitz Women 2020"]
[Site "Magdeburg"]
[Date "2020.08.15"]
[Round "12.7"]
[White "Voicu-Jagodzinsky, Carmen"]
[Black "Zimmer, Elke"]
[Result "1-0"]
[WhiteElo "2244"]
[BlackElo "1952"]
[Annotator "TA"]
[PlyCount "73"]
[EventDate "2020.07.28"]
[EventType "tourn"]
[EventCountry "GER"]
[SourceTitle "playchess.com"]
[Source "ChessBase"]
[SourceQuality "1"]

{[%evp 9,73,16,41,43,34,0,31,15,20,-22,-20,-18,-21,-22,-22,-26,-16,-14,-14,-21,-17,-17,-13,-31,-27,-32,22,-5,37,37,38,36,30,35,39,15,36,18,18,15,44,18,242,222,235,222,291,295,277,290,552,540,534,528,505,399,715,717,693,699,693,652,843,782,827,611]} 1. Nf3 Nf6 2. g3 c6 3. b3 d5 4. Bb2 Nbd7 5. Bg2 Qc7 6. c4 {A05: Réti Opening: 1 Nf3 Nf6.} e5 7. d3 {[#]} Be7 $146 ({Predecessor:} 7... Bb4+ 8. Nbd2 O-O 9. O-O Bd6 10. Rc1 d4 11. Nh4 Re8 12. e4 Nc5 13. Qe2 Bg4 {½-½ (39) Schloemer,A (1881)-Sofic,N (1871) Maastricht 2012}) 8. Qc2 {White is slightly better.} d4 9. a3 c5 10. Nbd2 Rb8 11. b4 b6 12. b5 Bb7 13. O-O O-O 14. Rfe1 Rfe8 15. e3 Bf8 16. e4 g6 17. a4 {[%cal Ba3a4,Ba4a5][%mdl 32]} Bh6 (17... a5 $15) 18. Nb3 Nh5 19. a5 Nf8 20. Bc1 Bxc1 21. Qxc1 Ne6 22. Qh6 Nhg7 23. Bh3 Bc8 24. Ra2 Bd7 25. Rea1 {And now axb6 would win.} Rec8 $2 {[#] This move loses the game for Black.} (25... f6 $11 {and Black has nothing to worry.}) 26. axb6 $18 axb6 27. Ra7 Rb7 28. Rxb7 Qxb7 29. Nxe5 Be8 $2 (29... f6 {was worth a try.}) 30. Ng4 {[#] Threatens to win with Nf6+.} Qe7 31. e5 {Black must now prevent Nf6+.} Nf5 32. Qd2 Qc7 $2 (32... Ng5) 33. Nf6+ {White is clearly winning.} Kg7 34. Bxf5 gxf5 35. f4 Qb7 36. Qe2 Ra8 37. Re1 {Accuracy: White = 78%, Black = 49%.} 1-0

[Event "GER-ch Blitz Women 2020"]
[Site "Magdeburg"]
[Date "2020.08.15"]
[Round "12.8"]
[White "Leib, Britta"]
[Black "Frey, Alisa"]
[Result "0-1"]
[WhiteElo "1903"]
[BlackElo "2087"]
[Annotator "TA"]
[PlyCount "82"]
[EventDate "2020.07.28"]
[EventType "tourn"]
[EventCountry "GER"]
[SourceTitle "playchess.com"]
[Source "ChessBase"]
[SourceQuality "1"]

{[%evp 26,82,25,22,62,8,0,-43,104,0,221,127,247,0,-24,-105,-112,-106,-103,-255,-246,-282,-273,-295,-296,-801,-814,-1165,-402,-393,-399,-602,-466,-452,-442,-450,-436,-481,-433,-575,-542,-702,-670,-641,-683,-660,-494,-495,-493,-1081,-1090,-1265,-1218,-1433,-1267,-29991,-29992,-29995,-29996]} 1. e4 e5 2. Nf3 Nc6 3. Bc4 Nf6 4. d3 Be7 5. O-O d6 6. h3 O-O 7. Re1 Na5 8. Bb3 c5 9. Ba4 a6 10. c3 b5 11. Bc2 Nc6 12. a4 Bb7 13. Nbd2 Qc7 14. Nf1 d5 {C92: Closed Ruy Lopez: 9...Be6, Karpov and Flohr-Zaitsev Variations.} 15. exd5 (15. Ne3 $14) 15... Nxd5 $11 16. Ng3 {[#]} f5 $146 (16... b4 $15 {keeps the upper hand.}) ({Predecessor:} 16... b4 17. c4 Nb6 18. Qe2 Rfe8 19. b3 Rad8 20. Bb2 f6 21. Rad1 Nd7 22. Nf5 Nf8 23. Qe3 Ne6 24. Nxe7+ Rxe7 25. Ba1 {½-½ (25) Foucek,S (1575)-Stanek,O (1549) Czechia 2013}) 17. Qe2 (17. d4 $16) 17... Bd6 $2 (17... Rae8 $11 {and Black is okay.}) 18. Ng5 (18. axb5 $18 axb5 19. Rxa8 Bxa8 20. d4) 18... Rae8 (18... Nce7 $16 {might work better.}) 19. Bb3 $2 (19. axb5 $18 axb5 20. Bb3) 19... Na5 $1 {[%cal Ra5b3]} 20. Ba2 ({Much worse is} 20. Qh5 g6 $17) (20. Bxd5+ $1 $11 {was the only way to keep the balance.} Bxd5 21. axb5) 20... c4 $17 ({But not} 20... bxa4 $2 {[#]} 21. Nxf5 $1 {[%mdl 512]} (21. Qh5 g6 $17) 21... g6 22. Nxd6 $18) 21. axb5 axb5 22. Rd1 $2 {Loses the game.} (22. Qh5 $17 {was called for.} h6 23. dxc4 Nxc4 24. b3) 22... Nf4 23. Bxf4 exf4 {[%mdl 64] [#] Discovered Attack} 24. Qh5 {[%csl Gg5][%cal Rh5h7]} g6 25. Qh6 $2 (25. Qxh7+ Qxh7 26. Nxh7 Kxh7 27. Nf1) 25... fxg3 $19 26. fxg3 Qg7 (26... Re2 $142 27. d4 Bxg3) 27. Qxg7+ Kxg7 28. Re1 (28. dxc4 $142 Bc5+ 29. Kh2 bxc4 30. Rd7+ Kh6 31. Nf7+ Rxf7 32. Rxf7) 28... Bd5 29. dxc4 Nxc4 30. Red1 Bc5+ 31. Kh2 Bg8 32. b3 Ne3 33. Rd7+ Re7 34. Rxe7+ Bxe7 35. Nf3 Bc5 {Hoping for ...Ra8.} 36. b4 Bb6 {White must now prevent ...Ra8.} 37. Bb3 (37. Bxg8 $142 Rxg8 38. Nd4) 37... Bxb3 38. Ra6 Rf6 39. h4 Bd5 40. Nd4 Bxd4 {[%mdl 64] Discovered Attack} 41. cxd4 Rxa6 {Accuracy: White = 20%, Black = 42%.} 0-1

[Event "GER-ch Blitz Women 2020"]
[Site "Magdeburg"]
[Date "2020.08.15"]
[Round "12.9"]
[White "Heinemann, Josefine"]
[Black "Zschischang, Marine"]
[Result "1-0"]
[WhiteElo "2281"]
[BlackElo "2070"]
[Annotator "TA"]
[PlyCount "103"]
[EventDate "2020.07.28"]
[EventType "tourn"]
[EventCountry "GER"]
[SourceTitle "playchess.com"]
[Source "ChessBase"]
[SourceQuality "1"]

{[%evp 14,103,27,45,51,51,64,63,82,71,92,97,122,72,118,116,218,204,224,221,182,131,300,290,283,227,243,237,492,487,715,460,460,460,460,460,444,454,458,459,460,460,460,460,653,655,698,687,687,675,863,809,857,854,777,766,704,704,879,840,934,933,890,846,1096,1044,6254,5160,29983,29984,29984,29985,29985,29985,29984,5160,29985,29986,29986,29987,29989,29990,29991,29991,29991,29991,29992,29993,29993,29994,29994,29995]} 1. e4 e6 2. d4 d5 3. Nd2 dxe4 4. Nxe4 Nd7 5. Nf3 Ngf6 6. Nxf6+ Nxf6 7. g3 {7.c3 gains popularity.} c5 8. Bg2 cxd4 {C10: French with 3 Nc3: Unusual Black 3rd moves and 3...dxe4.} 9. Qxd4 Qxd4 10. Nxd4 a6 {White is slightly better.} 11. O-O Bc5 12. Nb3 Bb6 13. c4 O-O {[#]} 14. Bf4 $1 {[#]} Nd7 $146 {[#]} (14... Re8 $16) ({Predecessor:} 14... a5 15. a4 Nd7 16. Bd6 Re8 17. c5 Ba7 18. c6 bxc6 19. Bxc6 Ba6 20. Rfc1 Rac8 21. Bxd7 Rxc1+ 22. Rxc1 Rd8 23. Bb5 Bxb5 24. axb5 a4 25. Nc5 Rxd6 26. Nb7 {1-0 (26) Myrheim,H (1880)-Petersen,J (1628) Helsingor 2017}) 15. Bd6 $1 $18 Re8 16. c5 Bd8 17. Rfd1 (17. c6 $18 bxc6 18. Bxc6) 17... Be7 $2 {Black cannot hold the game after this.} (17... Nb8 $16 {is a better defense.} 18. Nd2 Nc6) 18. Bxe7 Rxe7 19. Rac1 g5 20. Na5 Rb8 $2 (20... Ne5 21. c6 bxc6) 21. c6 b6 (21... bxc6 $142 22. Nxc6 {[%mdl 64] Double Attack} Re8 23. Nxb8 Nxb8) 22. cxd7 Bxd7 23. Nc6 Bxc6 24. Rxc6 ({Not} 24. Bxc6 Rc7 $18) 24... a5 25. h3 Kg7 26. Rdd6 b5 27. Rb6 Rxb6 28. Rxb6 {[%mdl 4096] Endgame KRB-KR} Rc7 (28... b4 $142 29. Rb5 h6 30. Rxa5 Rd7) 29. Rxb5 {[%mdl 64] Double Attack} a4 30. Rxg5+ Kf6 31. Ra5 Rc1+ 32. Bf1 Rb1 33. Rxa4 Rxb2 34. Rf4+ Ke7 35. a4 e5 36. Rc4 Kd6 37. Rh4 Ra2 38. Rxh7 f6 39. Ra7 e4 40. h4 Ke5 41. h5 Rd2 42. h6 Rd8 43. h7 Rh8 44. Bg2 (44. a5 $142 Ke6 45. a6 Kd6 46. Rg7 e3 47. fxe3 Kc5 48. a7 Kb6 49. Rg8) 44... f5 45. a5 {White mates.} Kd4 46. a6 e3 47. fxe3+ Kxe3 48. Rg7 f4 49. gxf4 Kxf4 50. a7 Ke3 51. a8=Q {[%mdl 64] Promotion} Rxa8 52. Bxa8 {Accuracy: White = 76%, Black = 41%.} 1-0

[Event "GER-ch Blitz Women 2020"]
[Site "Magdeburg"]
[Date "2020.08.15"]
[Round "13.1"]
[White "Zschischang, Marine"]
[Black "Paehtz, Elisabeth"]
[Result "1-0"]
[WhiteElo "2070"]
[BlackElo "2473"]
[Annotator "TA"]
[PlyCount "96"]
[EventDate "2020.07.28"]
[EventType "tourn"]
[EventCountry "GER"]
[SourceTitle "playchess.com"]
[Source "ChessBase"]
[SourceQuality "1"]

{[%evp 14,96,0,-20,0,-2,16,28,41,43,41,47,64,54,68,14,16,11,44,20,97,34,44,44,83,59,61,61,115,83,78,35,30,33,23,0,11,0,0,10,2,11,33,4,2,-31,0,-64,4,0,48,56,58,46,65,0,0,20,64,42,144,125,98,-206,-196,-277,-272,-393,-402,-362,24,-385,-377,-29988,-29989,-29989,-29989,-29989,-29990,-29990,-29991,-29991,-29991,-29992,-29990]} 1. d4 Nf6 2. Nf3 g6 3. Nc3 d5 4. Bf4 c6 5. e3 Bg7 6. Be2 O-O 7. Ne5 Nfd7 8. h4 Nxe5 {D00: 1 d4 d5: Unusual lines.} 9. Bxe5 f6 10. Bg3 {[#]} Qb6 $146 {White has an edge.} ({Predecessor:} 10... Bf5 11. h5 Qb6 12. e4 dxe4 13. Bc4+ e6 14. hxg6 Qxb2 15. Nxe4 Qb4+ 16. Nd2 hxg6 17. Bxb8 Raxb8 {½-½ (107) Sethuraman,S (2640)-Ghaem Maghami,E (2596) Berlin 2015}) 11. Na4 Qa5+ 12. c3 Nd7 13. b4 Qd8 14. Nc5 ({Better is} 14. h5 $14) 14... Nxc5 $11 15. bxc5 Qa5 16. Qd2 h6 (16... e5 $11 {keeps the balance.}) 17. Bd3 (17. c4 $16 Qd8 18. Rb1) 17... f5 $1 $14 18. c4 Qd8 19. cxd5 Qxd5 20. O-O Bf6 (20... e5 $14) 21. Qc3 {Bc4 is the strong threat.} Kg7 22. Bc4 Qxc5 $1 23. Rac1 Qb6 24. Be5 Qd8 25. Rfd1 e6 26. g3 Qe7 27. Qb3 Re8 28. Kg2 b6 29. Be2 Bb7 30. Bf3 (30. Bxf6+ $11 Kxf6 31. Bf3) 30... Rac8 (30... Bxe5 $15 31. dxe5 c5) 31. Bxf6+ Qxf6 32. Qa3 a5 33. Qb3 {[%mdl 1024] White has compensation.} Qd8 34. Rb1 ({White should try} 34. Kg1 $14) 34... b5 $11 35. Rbc1 Qd6 36. Rc5 g5 (36... a4 $14 37. Qc3 Kh7) 37. hxg5 $16 hxg5 38. Re5 $2 {[%mdl 8192]} (38. e4 $16) 38... g4 $19 39. Bxg4 (39. Be4 $142) 39... fxg4 40. Rg5+ (40. e4 $142 Kf8 41. Rg5) 40... Kf6 41. Rxg4 {Strongly threatening e4.} c5+ $2 ({Black should play} 41... Qd5+ $19 42. Qxd5 cxd5) 42. f3 $2 {[%mdl 8192]} (42. e4 $11 {and White stays safe.} Rg8 43. Qf3+ Ke7 44. Rh1 Qxd4 45. Rh7+ Kd6 46. Rxb7) 42... Qd5 43. Qb2 $2 {[#]} (43. Rf4+ $19 Ke7 44. Qb2) 43... Qxf3+ {[%mdl 64] Double Attack. Black mates.} 44. Kg1 Qh1+ 45. Kf2 Qg2+ 46. Ke1 Qxb2 47. Rf4+ Ke7 48. Rd2 {[#]} Qc3 $1 {[%mdl 32768] Accuracy: White = 45%, Black = 62%. . Loss on time!?} 1-0

[Event "GER-ch Blitz Women 2020"]
[Site "Magdeburg"]
[Date "2020.08.15"]
[Round "13.2"]
[White "Frey, Alisa"]
[Black "Heinemann, Josefine"]
[Result "0-1"]
[WhiteElo "2087"]
[BlackElo "2281"]
[Annotator "TA"]
[PlyCount "52"]
[EventDate "2020.07.28"]
[EventType "tourn"]
[EventCountry "GER"]
[SourceTitle "playchess.com"]
[Source "ChessBase"]
[SourceQuality "1"]

{[%evp 14,52,9,6,45,18,33,23,20,-8,52,51,53,60,69,32,73,0,127,-14,-11,-13,0,-4,14,0,28,31,44,0,-12,-6,-9,-472,-465,-693,-685,-29996,-299,-29997,-29998]} 1. e4 c5 2. Nf3 d6 3. d4 cxd4 4. Nxd4 Nf6 5. Nc3 a6 6. Be3 e6 7. f3 b5 8. Qd2 b4 {B80: Sicilian Scheveningen: 6 g3 and 6 Be3, including English Attack.} 9. Nce2 e5 10. Nb3 ({But not} 10. Qxb4 d5 $17) 10... Nc6 {[#] White has an edge.} 11. c3 $146 ({Predecessor:} 11. c4 Be7 12. g4 g6 13. h4 Be6 14. Ng3 h5 15. g5 Nd7 16. Bd3 Nc5 17. Be2 {0-1 (32) Tazbir,M (2521)-Anand,V (2776) Germany 2016}) 11... bxc3 (11... d5 $11) 12. Nxc3 $14 Be6 13. Be2 Be7 14. O-O O-O {[#]} 15. Rfd1 ({Better is} 15. Nd5 $1 $16) 15... Qc7 {[#]} (15... a5 $11) 16. f4 (16. Nd5 $1 $16 {[%cal Rd5c7]} Bxd5 17. exd5) 16... exf4 17. Bxf4 Ne5 18. Nd4 Qb6 19. Kh1 Rab8 20. b3 Rfd8 21. Nd5 (21. Rac1 $14) 21... Bxd5 $11 22. exd5 Re8 23. Bxe5 $4 {[%mdl 8192] Loses the game.} (23. Be3 $11 {and White is okay.} Qb7 24. Nf5) 23... dxe5 $19 24. Nc6 (24. Bd3 $142 exd4 25. Qf2) 24... Ne4 {( -> ...Nf2+)} 25. Qa5 Nf2+ 26. Kg1 {[#] aiming for Qxb6.} Nh3+ $1 {[%mdl 576] Discovered Attack (Double check). Accuracy: White = 34%, Black = 75%.} 0-1

[Event "GER-ch Blitz Women 2020"]
[Site "Magdeburg"]
[Date "2020.08.15"]
[Round "13.3"]
[White "Zimmer, Elke"]
[Black "Leib, Britta"]
[Result "1/2-1/2"]
[WhiteElo "1952"]
[BlackElo "1903"]
[Annotator "RC"]
[PlyCount "66"]
[EventDate "2020.07.28"]
[EventType "tourn"]
[EventCountry "GER"]
[SourceTitle "playchess.com"]
[Source "ChessBase"]
[SourceQuality "1"]
[TimeControl "180+2"]

1. e4 {[%emt 0:00:00]} e6 {[%emt 0:00:00]} 2. d4 d5 3. exd5 {[%emt 0:00:00]} exd5 {[%emt 0:00:00]} 4. Bd3 {[%emt 0:00:01]} Nf6 {[%emt 0:00:00]} 5. Nf3 {[%emt 0:00:01]} Be7 {[%emt 0:00:02]} 6. O-O {[%emt 0:00:04]} O-O {[%emt 0:00:01]} 7. c3 {[%emt 0:00:02]} Bg4 {[%emt 0:00:04]} 8. Bf4 {[%emt 0:00:02]} Nbd7 {[%emt 0:00:08]} 9. Nbd2 {[%emt 0:00:01]} Re8 {[%emt 0:00:09]} 10. Qc2 {[%emt 0:00:00]} c5 {[%emt 0:00:09]} 11. Bf5 {[%emt 0:00:15]} Bh5 {[%emt 0:00:06]} 12. Rfe1 {[%emt 0:00:21]} g6 {[%emt 0:00:21]} 13. Bd3 {[%emt 0:00:16]} cxd4 {[%emt 0:00:09]} 14. Nxd4 {[%emt 0:00:02]} Nc5 {[%emt 0:00:02]} 15. Be2 {[%emt 0:00:05]} Nce4 {[%emt 0:00:16]} 16. Bxh5 {[%emt 0:00:10]} Nxh5 {[%emt 0:00:01]} 17. Bh6 {[%emt 0:00:24]} Bg5 18. Bxg5 {[%emt 0:00:17]} Qxg5 {[%emt 0:00:27]} 19. Nxe4 {[%emt 0:00:08]} dxe4 {[%emt 0:00:03]} 20. Qc1 {[%emt 0:00:36]} Nf4 {[%emt 0:00:30]} 21. g3 {[%emt 0:00:07]} Nh3+ {[%emt 0:00:13]} 22. Kg2 {[%emt 0:00:00]} Qh5 {[%emt 0:00:12]} 23. Qd1 {[%emt 0:00:01]} Qh6 {[%emt 0:00:11]} 24. Qc1 {[%emt 0:00:02]} g5 {[%emt 0:00:19]} 25. Nf5 {[%emt 0:00:09]} Qe6 {[%emt 0:00:10]} 26. Kxh3 {[%emt 0:00:23]} Qxf5+ {[%emt 0:00:01]} 27. Kg2 {[%emt 0:00:01]} Qf3+ {[%emt 0:00:01]} 28. Kg1 {[%emt 0:00:01]} Rad8 {[%emt 0:00:02]} 29. Re3 {[%emt 0:00:01]} Qf5 {[%emt 0:00:00]} 30. Qe1 {[%emt 0:00:01]} Rd5 {[%emt 0:00:12]} 31. Rd1 {[%emt 0:00:04]} Red8 {[%emt 0:00:06]} 32. Rxd5 {[%emt 0:00:12]} Rxd5 {[%emt 0:00:01]} 33. Kg2 {[%emt 0:00:02]} Qd7 1/2-1/2

[Event "GER-ch Blitz Women 2020"]
[Site "Magdeburg"]
[Date "2020.08.15"]
[Round "13.4"]
[White "Birkholz, Olga"]
[Black "Voicu-Jagodzinsky, Carmen"]
[Result "0-1"]
[WhiteElo "2001"]
[BlackElo "2244"]
[Annotator "TA"]
[PlyCount "53"]
[EventDate "2020.07.28"]
[EventType "tourn"]
[EventCountry "GER"]
[SourceTitle "playchess.com"]
[Source "ChessBase"]
[SourceQuality "1"]

{[%evp 9,53,-14,-14,-29,-24,-52,-34,-80,-57,-79,-67,-60,-54,-97,-79,-67,-79,-102,-48,-130,-109,-132,-112,-105,-85,-83,-68,-95,-68,-97,-80,-75,-89,-129,-129,-131,-83,-93,-114,-107,-85,-134,-133,-311,-276,-249]} 1. d4 Nf6 2. Nc3 c5 3. dxc5 Na6 4. Bf4 Nxc5 5. Nf3 d6 6. e3 {A45: Trompowsky Attack.} g6 7. Bc4 Bg7 {[#]} 8. h4 $146 {Black is slightly better.} ({Predecessor:} 8. O-O O-O 9. Rb1 Bd7 10. Bg5 Rc8 11. Be2 Re8 12. Bh4 Nfe4 13. Nxe4 Nxe4 14. c3 {0-1 (51) Contreras Poblete,J (2257)-Schlenther,M (2357) LSS email 2012}) 8... h6 9. O-O a6 10. a4 O-O 11. b4 Nce4 12. Nxe4 Nxe4 13. Ra3 Bg4 (13... e5 $17 14. Bh2 a5) 14. Be2 ({Better is} 14. Qd5 $15 e6 15. Qxe4 (15. Qxb7 Bxf3 16. gxf3 Nd2 $17 {[%mdl 64] Double Attack})) 14... Rc8 {Strongly threatening ...Nc3.} 15. Nd4 Bxe2 16. Nxe2 e5 17. Bg3 Qc7 18. c3 Kh7 19. Qd5 Nf6 20. Qd3 d5 21. f4 e4 22. Qd2 Qd7 23. f5 Nh5 24. Bh2 gxf5 25. Nd4 Bxd4 26. exd4 $2 {[#]} (26. Qxd4 $17 Rc4 27. Qe5) 26... Rg8 $19 27. Qf2 {Accuracy: White = 56%, Black = 82%.} 0-1

[Event "GER-ch Blitz Women 2020"]
[Site "Magdeburg"]
[Date "2020.08.15"]
[Round "13.5"]
[White "Muetsch, Annmarie"]
[Black "Mader, Lena"]
[Result "1-0"]
[WhiteElo "2219"]
[BlackElo "1839"]
[Annotator "TA"]
[PlyCount "56"]
[EventDate "2020.07.28"]
[EventType "tourn"]
[EventCountry "GER"]
[SourceTitle "playchess.com"]
[Source "ChessBase"]
[SourceQuality "1"]

{[%evp 9,56,71,81,87,87,94,87,89,125,117,112,72,117,120,120,95,104,101,138,141,135,88,96,95,114,51,124,118,121,120,119,117,131,117,113,82,67,73,97,39,39,-63,404,399,388,382,415,404,415]} 1. e4 c6 2. Nc3 d5 3. Nf3 d4 4. Ne2 c5 5. c3 Nc6 (5... d3 6. Nf4 c4 7. Qa4+ Nc6 8. Qxc4 e5 9. Nxd3 Be6 10. Qa4 Bd7 11. Qc2 Bd6 12. b4 a6 13. Be2 Nf6 14. Nb2 O-O 15. O-O b5 16. d3 {1-0 (23) Muetsch,A (2266)-Mader,L (1839) Magdeburg 2019}) 6. cxd4 {B11: Caro-Kann: Two Knights Variation.} cxd4 7. Qa4 Bd7 8. Nexd4 {White is better.} Nxd4 9. Qxd4 e6 {[#]} 10. d3 $146 ({Predecessor:} 10. Bc4 Rc8 11. O-O Bc5 12. Qxg7 Qf6 13. Qxf6 Nxf6 14. d3 Bc6 15. Bg5 Nd7 16. Rac1 {1-0 (71) He,A (2337)-Antonenko,D (2444) chess.com INT 2020}) 10... Nf6 11. Bd2 Be7 12. Bc3 O-O 13. Be2 a6 14. O-O Rc8 15. Bb4 Bxb4 16. Qxb4 Bb5 17. Nd4 (17. Rfd1 $16) 17... Bc6 (17... Bc4 $14) 18. Nxc6 Rxc6 19. Rac1 Qc7 20. Rc3 a5 21. Rxc6 Qxc6 22. Qxa5 Qc2 23. Bf3 Qxb2 24. e5 ({Better is} 24. Qc7 $16) 24... Nd7 $14 25. Re1 (25. Qa7 $14) 25... Nxe5 $2 {[%mdl 8192] [#] Now Black is done in.} (25... b6 $15 {stays ahead.} 26. Qa4 Nxe5) 26. Qxe5 $18 {White is winning.} ({Don't take} 26. Rxe5 b6 $18) 26... Qxa2 27. Bxb7 Qb3 28. Be4 g6 {Accuracy: White = 46%, Black = 56%.} 1-0

[Event "GER-ch Blitz Women 2020"]
[Site "Magdeburg"]
[Date "2020.08.15"]
[Round "13.6"]
[White "Kosovska, Olena"]
[Black "Braun, Kristin"]
[Result "1-0"]
[WhiteElo "1881"]
[BlackElo "1918"]
[Annotator "TA"]
[PlyCount "87"]
[EventDate "2020.07.28"]
[EventType "tourn"]
[EventCountry "GER"]
[SourceTitle "playchess.com"]
[Source "ChessBase"]
[SourceQuality "1"]

{[%evp 17,87,-31,-37,-53,70,28,135,43,53,55,62,20,161,0,46,-22,414,-56,165,86,95,108,116,22,41,0,0,0,16,0,13,0,51,45,50,58,152,20,47,8,511,521,656,349,327,331,350,153,220,233,221,80,91,77,209,207,259,255,293,253,1101,1072,1158,1172,1323,1300,29980,29981,29988,29989,29991,29990]} 1. e4 c5 2. Nc3 Nc6 3. f4 g6 4. Nf3 Bg7 5. Bc4 e6 6. d3 Nge7 7. O-O d5 8. Bb3 O-O 9. Qe1 a6 10. Qh4 {B23: Closed Sicilian: Lines without g3.} d4 (10... b5 $15 11. f5 gxf5 12. exd5 exd5) 11. Ne2 {[#]} Bd7 $146 {[#]} (11... Na5 $1 $11 {remains equal.}) ({Predecessor:} 11... b5 12. f5 exf5 13. Bh6 fxe4 14. Ng5 Nf5 15. Rxf5 Bxf5 16. Bxg7 Kxg7 17. Qxh7+ Kf6 18. Nxf7 Rh8 19. Nxh8 Qxh8 20. Qf7+ Kg5 21. Qd5 exd3 22. cxd3 Qe8 23. Ng3 Qe3+ 24. Kh1 Re8 {½-½ (24) Baekelant,E-Saatdjian,S (1935) Mureck 2004}) 12. Ng5 (12. f5 $1 $16 {[%cal Rf5f6][%mdl 512] Threatens to win with f6.} gxf5 (12... exf5 13. Bh6) 13. Bh6) 12... h6 $14 13. Nf3 {Hoping for f5.} Nc8 14. Qg3 {And now f5! would win.} Qe7 (14... Na5 $11 {and Black is okay.}) 15. Nh4 $2 (15. f5 $1 $18) 15... Nd6 (15... Bf6 $5 {[%cal Rf6h4]} 16. Nf3 Na5 $14) 16. f5 ({White should try} 16. e5 $14) 16... exf5 $2 {[%mdl 8192]} (16... c4 $1 $11 17. fxg6 f5 18. dxc4 Nxe4) 17. exf5 $2 (17. Nxg6 $1 $18 Qf6 18. Bf4) 17... g5 $2 {[#]} (17... c4 $15 {keeps the upper hand.} 18. fxg6 cxb3 19. Bxh6 Ne8 20. gxf7+ Rxf7 21. Rxf7 Kxf7 22. Bxg7 Nxg7 23. Qf2+ Kg8 24. axb3 Qe3) 18. Ng6 (18. f6 $1 $18 {[%cal Rf6e7][%mdl 512]} Bxf6 19. Ng6 {[%mdl 64] Double Attack} Qxe2 20. Qxd6 {[%mdl 64] Double Attack}) 18... Qf6 $16 {White must now prevent ...Rfe8.} 19. Nxf8 Rxf8 20. Qf2 (20. Qh3 $16) 20... Qxf5 $11 21. Ng3 Qg6 $1 22. Bd2 Kh8 23. Rae1 f5 24. Bd5 f4 (24... Ne5 $1 $11) 25. Ne4 $36 {[%mdl 2048] White has good play.} Ne5 26. Nxc5 {Strongly threatening Rxe5!} Bf5 ({Better is} 26... Bc8 $1 $14) 27. Ne4 ({White should play} 27. h3 $16) 27... Ng4 $1 $11 {[%cal Rg4f2]} 28. Qf3 {Bb4 is the strong threat.} Qh5 $2 {[%mdl 8192]} (28... Ne5 $11 {and Black stays safe.} 29. Qd1 Bg4) 29. h3 $18 Nf6 30. Nxf6 Qxf3 31. Rxf3 Bxf6 32. Be4 (32. g4 $18 {has better winning chances.}) 32... Nxe4 (32... Bxe4 $16 33. dxe4 Nc4) 33. dxe4 Be6 {[#]} 34. e5 (34. g3 $1 $18 {and White stays clearly on top.}) 34... Be7 $16 35. c3 Rc8 (35... Rd8 $16 {keeps fighting.}) 36. cxd4 $18 Rc2 37. Bc3 Bxa2 38. Rf2 g4 $2 (38... Rxf2 39. Kxf2 Kg7) 39. Rxc2 gxh3 40. gxh3 Bb3 41. Rf2 Bh4 42. e6 {White mates.} Bxf2+ 43. Kxf2 Kg8 44. e7 {Accuracy: White = 29%, Black = 26%.} 1-0